| 000 -LEADER |
| fixed length control field |
02470nam a2200301 a 4500 |
| 001 - CONTROL NUMBER |
| control field |
ASIN0691130256 |
| 005 - DATE AND TIME OF LATEST TRANSACTION |
| control field |
20170105102854.0 |
| 008 - FIXED-LENGTH DATA ELEMENTS--GENERAL INFORMATION |
| fixed length control field |
130822s2007 xxu eng d |
| 020 ## - INTERNATIONAL STANDARD BOOK NUMBER |
| International Standard Book Number |
0691130256 (hardcover) |
| Terms of availability |
$31.95 |
| 020 ## - INTERNATIONAL STANDARD BOOK NUMBER |
| International Standard Book Number |
9780691130255 (hardcover) |
| 040 ## - CATALOGING SOURCE |
| Original cataloging agency |
0 |
| 050 04 - LIBRARY OF CONGRESS CALL NUMBER |
| Classification number |
E902 |
| 082 04 - DEWEY DECIMAL CLASSIFICATION NUMBER |
| Classification number |
303.38097 |
| 245 10 - TITLE STATEMENT |
| Title |
What they think of us : |
| Remainder of title |
international perceptions of the united states since 9/11 / |
| Statement of responsibility, etc. |
David Farber. |
| 260 ## - PUBLICATION, DISTRIBUTION, ETC. |
| Place of publication, distribution, etc. |
[S.l.] : |
| Name of publisher, distributor, etc. |
Princeton University Press, |
| Date of publication, distribution, etc. |
2007. |
| 300 ## - PHYSICAL DESCRIPTION |
| Extent |
208 p. ; |
| Dimensions |
24 cm. |
| 520 ## - SUMMARY, ETC. |
| Summary, etc. |
It has never been more important for Americans to understand why the world both hates and loves the United States. In What They Think of Us , a remarkable group of writers from the Middle East, Europe, Asia, and Latin America describes the world's profoundly ambivalent attitudes toward the United States--before and since 9/11. While many people around the world continue to see the United States as a model despite the Iraq war and the war on terror, the U.S. response to 9/11 has undoubtedly intensified global anti-Americanism. What They Think of Us reveals that substantial goodwill toward America still exists, but that this sympathy is in peril--and that there is an immense gap between how Americans view their country and how it is viewed abroad. Drawing on broad research and personal experience while avoiding anecdotalism and polemics, the writers gathered here combine political, cultural, and historical analysis to explain how people in different parts of the world see the United States. They show that not all anti-Americanism can be blamed on U.S. foreign policy. America is disliked not just for what it does but also for what it is, and perceptions of both are profoundly shaped--and sometimes warped--by the domestic realities of the countries where anti-Americanism thrives. In addition to analyzing America's battered global reputation, these writers propose ways the United States and other countries can build better relations through greater understanding and respect. |
| 650 #0 - SUBJECT ADDED ENTRY--TOPICAL TERM |
| Topical term or geographic name entry element |
Anti-Americanism |
| 650 #0 - SUBJECT ADDED ENTRY--TOPICAL TERM |
| Topical term or geographic name entry element |
Influence (Literary, artistic, etc.) |
| 650 #0 - SUBJECT ADDED ENTRY--TOPICAL TERM |
| Topical term or geographic name entry element |
International relations |
| 650 #0 - SUBJECT ADDED ENTRY--TOPICAL TERM |
| Topical term or geographic name entry element |
Public opinion |
| 650 #0 - SUBJECT ADDED ENTRY--TOPICAL TERM |
| Topical term or geographic name entry element |
September 11 Terrorist Attacks (2001) |
| 650 #0 - SUBJECT ADDED ENTRY--TOPICAL TERM |
| Topical term or geographic name entry element |
United States |
| 650 #0 - SUBJECT ADDED ENTRY--TOPICAL TERM |
| Topical term or geographic name entry element |
War on Terrorism (2001-2009) |
| 700 1# - ADDED ENTRY--PERSONAL NAME |
| Personal name |
Farber, David. |
| 856 40 - ELECTRONIC LOCATION AND ACCESS |
| Materials specified |
Amazon.com |
| Uniform Resource Identifier |
<a href="http://www.amazon.com/exec/obidos/ASIN/0691130256/chopaconline-20">http://www.amazon.com/exec/obidos/ASIN/0691130256/chopaconline-20</a> |
| 942 ## - ADDED ENTRY ELEMENTS (KOHA) |
| Source of classification or shelving scheme |
|
| Koha item type |
Book |